| 000 | 00679nam a2200169 a 4500 | ||
|---|---|---|---|
| 001 | 000045606 | ||
| 005 | 20201002052336.0 | ||
| 008 | 150416s2009 dr 000 0 spa d | ||
| 040 |
_aDO-SdBNP _bspa _cBNPHU |
||
| 082 |
_axxxx _bxxxx |
||
| 110 | 1 |
_aRepública Dominicana. _9447 |
|
| 240 | 1 | 3 | _a[Leyes etc.] |
| 245 | 1 | 0 |
_aLey no. 1-08 : Ley orgánica del Consejo Nacional para las Comunidades Dominicanas en el Exterior (CONDEX) : _bReglamento de Aplicación Decreto no. 674-08. |
| 260 |
_aSanto Domingo : _bCentenario, _c2009. |
||
| 300 |
_a53 p. : _bil. ; _c21 cm. |
||
| 710 | 2 | 2 |
_aConsejo Nacional para las Comunidades Dominicanas en el Exterior (CONDEX), República Dominicana _973673 |
| 999 |
_c45095 _d45095 |
||